Exploring the Craft Traditions of India/ (Record no. 204664)

MARC details
000 -LEADER
fixed length control field 00824nam a22002057a 4500
005 - DATE AND TIME OF LATEST TRANSACTION
control field 20240801102336.0
010 ## - LCCN (DPL NO)
LC control number ENG-140805
020 ## - INTERNATIONAL STANDARD BOOK NUMBER
International Standard Book Number 9789350070567
Terms of availability 110.00
035 ## - SYSTEM CONTROL NUMBER
System control number EN-124337
037 ## - SOURCE OF ACQUISITION
Source of stock number/acquisition DBAD
082 ## - DEWEY DECIMAL CLASSIFICATION NUMBER
Classification number 745.0954
100 ## - MAIN ENTRY--PERSONAL NAME
Personal name National Council of Educational Research Training
245 ## - TITLE STATEMENT
Title Exploring the Craft Traditions of India/
Statement of responsibility, etc By National Council of Educational Research Training
260 ## - PUBLICATION, DISTRIBUTION, ETC. (IMPRINT)
Place of publication, distribution, etc New Delhi
Name of publisher, distributor, etc National Council of Educational Research and Training
Date of publication, distribution, etc 2010
270 ## - ADDRESS
Address National Council of Educational Research and Training Shri Aurobindo Marg
City New Delhi
Postal code 110016
300 ## - PHYSICAL DESCRIPTION
Extent 120p
Dimensions 27cm(pbk)
500 ## - GENERAL NOTE
General note Field Study and application in Heritage Crafts for Classes XI and XII
700 ## - ADDED ENTRY--PERSONAL NAME
Personal name Kaushik Sonika
9 (RLIN) 15912
942 ## - ADDED ENTRY ELEMENTS (KOHA)
Source of classification or shelving scheme Dewey Decimal Classification
Item type English Books
Classification part 745.0954
Call number suffix EXP
Holdings
Withdrawn status Lost status Not for loan Collection code Home library Current library Date acquired Source of acquisition Cost, normal purchase price Full call number Barcode Copy number Cost, replacement price Koha item type
      Non-fiction Shahdara Branch Shahdara Branch 01/08/2024 DBAD 110.00 745.0954 EXP EN-124337 1 110.00 English Books

© Delhi Public Library
Hit Counter
free hit counter